Movies Quiz

Random Movies or Quote Quiz

Tearjerker Disney Quotes Quiz Stats

 Plays Quiz Updated Jun 26, 2018

Score 0/18 Timer 04:00
1 Play Today
Quote Film % Correct
'So whenever you feel alone, just remember that those kings will always be there to guide you. And so will I.'The Lion King
78.5%
''Ohana' means 'family.' 'Family' means 'no one gets left behind.' But if you want to leave, you can. I'll remember you though. I remember everyone that leaves.'Lilo & Stitch
77.1%
'Boo?' 'Kitty.'Monsters Inc.
76.8%
'The greatest gift and honor is having you for a daughter.'Mulan
72.6%
'Mother? Mother?' 'Your mother can't be with you anymore. Come, my son.'Bambi
66.2%
'When your heart is in your dream, no request is too extreme. When you wish upon a star, your dreams come true.'Pinocchio
64.4%
'Though her words are simple and few, listen, listen, she's calling to you. Feed the birds, tuppence a bag. Tuppence, tuppence, tuppence a bag.'Mary Poppins
60.4%
'At least I got to see you one last time.' 'No, No please, please, please don't leave me... I love you.'Beauty & The Beast
55.7%
'Well I have a story to tell you.' 'Really? What's it about?' 'Well, it's kind of about a man... and kind of about a bear. But mostly, it's about a monster.'Brother Bear
52.1%
Quote Film % Correct
'Rest your head close to my heart. Never to part, baby of mine.'Dumbo
50.2%
'When somebody loved me, everything was beautiful. Every hour we spent together lives within my heart.'Toy Story 2
47.9%
'Thanks for the adventure. Now go have a new one.' (written)Up
45.7%
'I remember it, I do. It's there, I know it is, because when I look at you, I can feel it. And-and I look at you, and I... and I'm home.'Finding Nemo
43%
'Fourteen. Just fourteen. We lost one.'101 Dalmatians
39.8%
'You and me together, we'll be forever, you'll see we'll always be good company.'Oliver & Co.
38.8%
'I'll be your candle on the water, my love for you will always burn. I know you're lost and drifting but the clouds are lifting.'Pete's Dragon
23.5%
'But that's just the trouble with me. I give myself very good advice but I very seldom follow it.'Alice In Wonderland
21.6%
'Be brave little one. Make a wish for each sad little tear. Hold your head up though no one is near. Someone's waiting for you.'The Rescuers
18.7%

You're not logged in!

Compare scores with friends on all Sporcle quizzes.
OR
Log In

You Might Also Like...

Show Comments

Extras

Top Quizzes Today


Score Distribution

Your Account Isn't Verified!

In order to create a playlist on Sporcle, you need to verify the email address you used during registration. Go to your Sporcle Settings to finish the process.

Report this User

Report this user for behavior that violates our Community Guidelines.

Details: